000 00308nam a22001337a 4500
008 181015b xxu||||| |||| 00| 0 eng d
020 _a0395284902
041 _aeng
080 _a338
100 _a53
101 _aMAN
245 _aMnagement A problem Solving Process
_cKreintner.R
942 _2udc
_cBK
999 _c49694
_d49694